<?xml version="1.0" encoding="UTF-8"?>
<record
    xmlns:xsi="http://www.w3.org/2001/XMLSchema-instance"
    xsi:schemaLocation="http://www.loc.gov/MARC21/slim http://www.loc.gov/standards/marcxml/schema/MARC21slim.xsd"
    xmlns="http://www.loc.gov/MARC21/slim">

  <leader>02455nam a2200301 a 4500</leader>
  <controlfield tag="003">OSt</controlfield>
  <controlfield tag="005">20260209143722.0</controlfield>
  <controlfield tag="007">cr || |||a|c|a</controlfield>
  <controlfield tag="008">230522s2019    mx a|||fom||| 001 0 spa d</controlfield>
  <datafield tag="040" ind1=" " ind2=" ">
    <subfield code="e">rda</subfield>
  </datafield>
  <datafield tag="100" ind1="1" ind2=" ">
    <subfield code="9">187128</subfield>
    <subfield code="a">Mota Delfin, Canek</subfield>
  </datafield>
  <datafield tag="245" ind1="1" ind2="0">
    <subfield code="a">Aplicaci&#xF3;n de t&#xE9;cnicas de depp learning para la clasificaci&#xF3;n y detencci&#xF3;n de manzanas (Malus domestica) /</subfield>
    <subfield code="c">por Canek Mota Delf&#xED;n y Carlos Ju&#xE1;rez Gonz&#xE1;lez; director de tesis Juan Carlos Olgu&#xED;n Rojas.</subfield>
  </datafield>
  <datafield tag="264" ind1=" " ind2="1">
    <subfield code="a">Chapingo, M&#xE9;xico :</subfield>
    <subfield code="b">El autor,</subfield>
    <subfield code="c">2019.</subfield>
  </datafield>
  <datafield tag="300" ind1=" " ind2=" ">
    <subfield code="a">1 recurso en l&#xED;nea (103 p&#xE1;ginas):</subfield>
    <subfield code="b">cuadros, figuras.</subfield>
  </datafield>
  <datafield tag="336" ind1=" " ind2=" ">
    <subfield code="2">rdacontent</subfield>
    <subfield code="a">texto</subfield>
    <subfield code="b">txt</subfield>
  </datafield>
  <datafield tag="337" ind1=" " ind2=" ">
    <subfield code="2">rdamedia</subfield>
    <subfield code="a">computadora</subfield>
    <subfield code="b">c</subfield>
  </datafield>
  <datafield tag="338" ind1=" " ind2=" ">
    <subfield code="2">rdacarrier</subfield>
    <subfield code="a">recurso en l&#xED;nea</subfield>
    <subfield code="b">cr</subfield>
  </datafield>
  <datafield tag="502" ind1=" " ind2=" ">
    <subfield code="b">IMAg</subfield>
    <subfield code="c">Mec&#xE1;nica</subfield>
    <subfield code="d">2019.</subfield>
    <subfield code="g">LIC</subfield>
  </datafield>
  <datafield tag="504" ind1=" " ind2=" ">
    <subfield code="a">Incluye referencias bibliogr&#xE1;ficas: p&#xE1;ginas 69-71.</subfield>
  </datafield>
  <datafield tag="520" ind1=" " ind2=" ">
    <subfield code="a">En el presente trabajo se muestran los resultados de aplicar dos algoritmos de Aprendizaje Profundo para clasificar cultivares de manzanas en da&#xF1;adas y sanas. Para la toma de datos y aplicaci&#xF3;n real de los algoritmos se dise&#xF1;&#xF3; una banda transportadora con ambiente de luz controlado, en la cual se capturaron 2,400 im&#xE1;genes para entrenamiento y 2,400 para evaluaci&#xF3;n, utilizando una webcam Logitech C920. El entrenamiento del modelo de clasificaci&#xF3;n obtuvo una precisi&#xF3;n del 98.65% en entrenamiento y 96.3% con el 20% de datos en test. En la evaluaci&#xF3;n, el 90% de las im&#xE1;genes fueron clasificadas correctamente. Se etiquetaron manualmente 2,400 im&#xE1;genes y se construy&#xF3; un modelo para detecci&#xF3;n de manzanas sanas y da&#xF1;adas a partir la red neuronal YOLO. Utilizando la m&#xE9;trica precisi&#xF3;n media promedio, se obtuvo un valor de precisi&#xF3;n del 92.95%. La programaci&#xF3;n se llev&#xF3; a cabo en Python, utilizando un entorno de programaci&#xF3;n con GPU en Google Colab. El tiempo de inferencia de la red YOLO fue de 4 segundos usando una PC Core i5 de 2.4 GHz por lo que no fue pr&#xE1;ctico implementarlo en la banda transportadora, como el algoritmo de clasificaci&#xF3;n.</subfield>
  </datafield>
  <datafield tag="650" ind1=" " ind2="4">
    <subfield code="9">95387</subfield>
    <subfield code="a">Redes neuronales artificiales</subfield>
  </datafield>
  <datafield tag="650" ind1=" " ind2="7">
    <subfield code="9">187130</subfield>
    <subfield code="a">Manzana</subfield>
    <subfield code="x">Selecci&#xF3;n</subfield>
    <subfield code="x">Programaci&#xF3;n de computadoras</subfield>
  </datafield>
  <datafield tag="650" ind1=" " ind2="4">
    <subfield code="9">70742</subfield>
    <subfield code="a">Manzana</subfield>
    <subfield code="x">Calidad</subfield>
  </datafield>
  <datafield tag="700" ind1="1" ind2=" ">
    <subfield code="9">187129</subfield>
    <subfield code="a">Ju&#xE1;rez Gonz&#xE1;lez, Carlos</subfield>
  </datafield>
  <datafield tag="700" ind1="1" ind2=" ">
    <subfield code="9">185728</subfield>
    <subfield code="a">Olgu&#xED;n Rojas, Juan Carlos</subfield>
    <subfield code="e">Director de tesis.</subfield>
  </datafield>
  <datafield tag="856" ind1=" " ind2=" ">
    <subfield code="u">http://10.13.5.2/tesis/tl/Mota_Delfin_Canek.pdf</subfield>
    <subfield code="z">DESCARGAR PDF</subfield>
  </datafield>
  <datafield tag="942" ind1=" " ind2=" ">
    <subfield code="2">Clasificaci&#xF3;n Universidad Aut&#xF3;noma Chapingo</subfield>
    <subfield code="c">TD</subfield>
  </datafield>
  <datafield tag="999" ind1=" " ind2=" ">
    <subfield code="c">218799</subfield>
    <subfield code="d">218799</subfield>
  </datafield>
  <datafield tag="952" ind1=" " ind2=" ">
    <subfield code="0">0</subfield>
    <subfield code="1">0</subfield>
    <subfield code="2">local</subfield>
    <subfield code="4">0</subfield>
    <subfield code="5">1</subfield>
    <subfield code="7">0</subfield>
    <subfield code="8">TesDigL</subfield>
    <subfield code="a">BD</subfield>
    <subfield code="b">BD</subfield>
    <subfield code="c">E_L</subfield>
    <subfield code="d">2023-05-22</subfield>
    <subfield code="l">0</subfield>
    <subfield code="o">Tesis digital</subfield>
    <subfield code="r">2023-05-22 00:00:00</subfield>
    <subfield code="w">2023-05-22</subfield>
    <subfield code="y">TD</subfield>
  </datafield>
</record>
